00686nam a2200229 a 4500001001300000003000900013005001700022008004100039020001000080082001600090100002700106245002300133260005400156300000800210500003500218505001700253700002700270902000800297942000700305952012900312999001500441nice12345678IN_TiNIC20260116012436.0050524s1988 hyda grp 000 0 ara  ac10000a297.52bIQB aIqbal, Mir Bahadur Ali aBashairul Khairaat aHyderabad bMarkazi Anjuman Taleemus Salat c1988 a32p aincludes index and biblioraphy2 aBibliography1 aIqbal, Mir Bahadur Ali bSRS cBK 001040708StackRoom-aHMIbHMId2007-07-04g100.00l1o297.52 IQBp013040r2018-06-18s2017-07-27v100.00w2005-05-24yBK c7046d7046